| 000 | 00770nam a2200241 a 4500 | ||
|---|---|---|---|
| 005 | 20240925064003.0 | ||
| 008 | 081111s1979 mx r 000 0 spa d | ||
| 020 | _a9231016482 | ||
| 035 | _aUPN01000167911 | ||
| 049 | _aUNE | ||
| 080 | _a396: 659.3 =20 CEU No.84 | ||
| 100 | 1 | _aCeulemans, Mieke | |
| 245 | 1 | 0 |
_aMass media ; The image, role and social conditions of women : _ba collection and analysis of research materials / _cMieke Ceulemans; Guido Fauconnier. |
| 260 |
_aParis : _bUNESCO, _c1979. |
||
| 300 | _a78 p. | ||
| 440 | 0 |
_aReports and papers on mass communication ; _v84. |
|
| 500 | _aIncluye bibliografía | ||
| 690 |
_aMujeres _97160 |
||
| 690 | _aMedios de comunicación | ||
| 700 | 1 | _aFauconnier, Guido | |
| 710 | 2 | _aUNESCO | |
| 905 | _aUNESCO | ||
| 999 |
_c140022 _d140022 |
||